How to lead successful nonverbal communication in corporate sector bakalárska práca

Gespeichert in:
Bibliographische Detailangaben
1. Verfasser: Ďurianová, Jana
Körperschaft: Fakulta aplikovaných jazykov EU v Bratislave. Katedra interkultúrnej komunikácie
Weitere Verfasser: Stradiotová, Eva, 1963-
Format: Buch
Sprache:Englisch
Veröffentlicht: Bratislava 2017
Tags: Tag hinzufügen
Keine Tags, Fügen Sie das erste Tag hinzu!

MARC

LEADER 00000nbm a2200000 4500
001 0231468
005 20180215144620.3
041 0 |a eng 
044 |a SK 
245 1 0 |a How to lead successful nonverbal communication in corporate sector  |b bakalárska práca  |c Jana Ďurianová ; školiteľ: Eva Stradiotová 
264 1 |a Bratislava  |c 2017 
300 |a 49 s. 
100 1 |a Ďurianová, Jana 
700 1 |a Stradiotová, Eva, 1963- 
710 2 |a Fakulta aplikovaných jazykov EU v Bratislave. Katedra interkultúrnej komunikácie